Vocabulaire Espagnol 2 - Statistiques

Statistiques générales
  • Ce quiz a été pris 530 fois
  • Le résultat moyen est 14 sur 50
Statistiques - réponses
Mots FR Mots ES % Correct
Pantalon Pantalon
75%
Cuisine Cocina
74%
Chaussure Zapato
68%
Table Mesa
63%
Fenêtre Ventana
61%
Ordinateur Ordenador
59%
Robe Vestido
58%
Chambre Habitacion
51%
Chaise Silla
50%
Douche Ducha
45%
Jupe Falda
42%
Etage Piso
42%
Plafond Techo
38%
Mur Pared
37%
Tatouage Tatuaje
37%
Chaussette Calcetin
34%
Horloge Reloj
34%
Veste Chaqueta
32%
Gant Guante
32%
Garage Garaje
31%
Meuble Mueble
29%
Bague Anillo
28%
Casquette Gorra
28%
Echarpe Bufanda
27%
Pièce (Salle) Cuarto
27%
Collier Collar
26%
Immeuble Edificio
22%
Bonnet Gorro
22%
Salle-à-manger Comedor
21%
Lampe Lampara
20%
Bougie Vela
17%
Salle de bain Cuarto de bano
16%
Bracelet Pulsera
16%
Poche Bolsillo
15%
Sous-vêtement Ropa interior
13%
Gilet Chaleco
11%
Rideau Cortina
9%
Téléphone portable Telefono movil
9%
Toît Tejado
8%
Moquette Moqueta
7%
Sous-sol Sotano
7%
Cellier Bodega
5%
T-Shirt Remera
5%
Carrelage Azulejos
4%
Etagère Estante
4%
Semelle Suela
4%
Réfrigérateur Frigorifico
3%
Evier Fregadero
2%
Vêtement Vestidura
2%
Boucle d'oreille Zarcillo
2%
Aucun quiz correspondant
Distribution des résultats
% des personnes avec chaque résultat
Percentile par nombre de réponses
Votre historique - résultats
Vous n’avez pas pris ce quiz